Rod Barkózcy grófska vetva

Bibliographic Details
Main Author: Szeghy, Dionýz, 1951- (Author, Photographer)
Other Authors: Csanády, Alexander, 1979- (Photographer), Kiss, Dionýz (Photographer)
Format: Book
Language:Slovak
PhysicalDescription:46 strán faksimile, farebné fotografie, genealogické tabuľky, portréty 24 cm
Published: Košice Vienala 2022
ISBN:9788081261954
Subjects:

MARC

LEADER 00000nam a2200000 4500
001 vtls012241302
003 SK-MaSNL
005 20260426012046.0
008 231010s2022 xo hojcgrn 000 0cslo
015 |a SNBA2023/11 
020 |a 9788081261954  |q (brožované) 
040 |a SNK  |b slo  |c SNK  |e rda 
041 0 |a slo 
043 |a e-xo--- 
044 |a xo  |c SK 
072 7 |a 929.5/.9  |x Genealógia. Heraldika. Šľachta. Vlajky  |2 konspekt 
080 |a 929.732  |2 2011 
080 |a 929.7  |2 2011 
080 |a (437.6)  |2 2011 
080 |a 929(092)  |2 2011 
080 |a (048.8)  |2 2011 
100 1 |a Szeghy, Dionýz,  |d 1951-  |4 aut  |4 pht  |9 623052 
245 1 0 |a Rod Barkózcy  |b grófska vetva  |c Dionýz Szeghy 
264 1 |a Košice  |b Vienala  |c 2022 
300 |a 46 strán  |b faksimile, farebné fotografie, genealogické tabuľky, portréty  |c 24 cm 
336 |a text  |b txt  |2 rdacontent 
336 |a statický obraz  |b sti  |2 rdacontent 
337 |a bez média  |b n  |2 rdamedia 
338 |a zväzok  |b nc  |2 rdacarrier 
500 |a Obsahuje zoznam portrétov uvádzaných v publikácii 
504 |a Bibliografia na strane 45-46 
600 3 0 |a Barkóczy (rod)  |2 SNKMA  |9 562413 
650 0 7 |a šľachtické rody  |2 SNKPH  |9 31798 
650 0 7 |a šľachta  |2 SNKPH  |9 28113 
650 0 7 |a House of nobility  |2 SNKPHeng  |9 306784 
650 0 7 |a Nobility  |2 SNKPHeng  |9 280361 
651 7 |a Slovensko  |2 SNKPHgeo  |9 14231 
651 7 |a Slovakia  |2 SNKPHeng  |9 92630 
655 7 |a biografie  |2 SNKPH  |9 27965 
655 7 |a prehľady  |2 SNKPH  |9 70194 
655 7 |a Biography  |2 SNKPHeng  |9 266314 
655 7 |a Surveys  |2 SNKPHeng  |9 266058 
700 1 |a Csanády, Alexander,  |d 1979-  |4 pht  |9 698320 
700 1 |a Kiss, Dionýz  |4 pht  |9 440632 
852 |a Slovenská národná knižnica 
919 |a 978-80-8126-195-4 
954 |a odborná, vedecká literatúra pôvodná (slovenská)  |2 lita 
958 |a NB 
958 |a BX 
999 |c 1087713  |d 1089643 
952 |a SNK  |b SNK  |y PREZ  |7 0  |p 17A1535760  |o snkSC 203791  |i snk2023/14633  |8 0  |0 0  |1 0  |4 0  |d 2023-10-10  |l 0  |r 2025-10-27 00:00:00  |w 2026-02-24 
952 |a SNK  |b SNK  |y VYP  |7 0  |p 17A1535761  |o snkSC 203791 D1  |i snk2023/14634  |8 0  |0 0  |1 0  |4 0  |d 2023-10-10  |l 0  |r 2026-02-24 16:47:08  |w 2026-02-24